Lehninger: principios de bioquímica
-д хадгалсан:
| Үндсэн зохиолчид: | , , |
|---|---|
| Формат: | Ном |
| Хэл сонгох: | испани |
| Хэвлэсэн: |
Barcelona
Omega
2001
|
| Хэвлэл: | 3a. ed |
| Нөхцлүүд: | |
| Шошгууд: |
Шошго нэмэх
Шошго байхгүй, Энэхүү баримтыг шошголох эхний хүн болох!
|
MARC
| LEADER | 00000nam a2200000 a 4500 | ||
|---|---|---|---|
| 001 | UCK5630 | ||
| 003 | CL-VaPUC | ||
| 005 | 20241210120206.0 | ||
| 008 | 050805e20010000SP |||||||||||||||||spa|d | ||
| 999 | |c 314127 |d 314125 | ||
| 020 | |a 8428212082 | ||
| 040 | |c Pontificia Universidad Católica de Valparaíso | ||
| 082 | 0 | 4 | |a 572 |b NEL |2 21 |
| 100 | |a Nelson, David L. |e autor |9 373285 | ||
| 245 | 1 | 0 | |a Lehninger: principios de bioquímica |
| 250 | |a 3a. ed | ||
| 260 | |a Barcelona |b Omega |c 2001 | ||
| 300 | |a 1152 p | ||
| 583 | |a last modification |c 20050805 00:00:00 |k Rodrigo Vera | ||
| 650 | 0 | |a Bioquímica |x Química |x Células |9 259492 | |
| 650 | 0 | |a Genética |x Ácido desoxirribonucleico |9 261432 | |
| 650 | 0 | |a Aminoácidos |x Péptidos |x Proteínas |x Lípidos |9 264272 | |
| 650 | 0 | |a Metabolismo |x Digestión |9 892763 | |
| 700 | 0 | |a Cox, Michael M |e author |9 494502 | |
| 700 | 0 | |a Cuchillo, Claudi M |e author |9 494503 | |
| 942 | |c BK |2 ddc | ||
| 945 | |d 20050805 00:00:00 |a jcarroza | ||
| 952 | |0 0 |1 0 |4 0 |6 572_000000000000000_NEL_2001 |7 0 |8 A |9 386068 |a BIBCUR |b BIBCUR |d 2019-11-22 |i 4210581 |l 5 |m 2 |o 572 NEL 2001 |p 4210581 |r 2025-04-29 |s 2025-04-09 |w 2019-11-22 |y BK |k CBQ | ||